| 000 | 00724nas a2200241 4500 | ||
|---|---|---|---|
| 001 | BR9606812 | ||
| 003 | BR-BrBNA | ||
| 005 | 20231205095409.0 | ||
| 007 | ta | ||
| 008 | 230509b bl.|||p| |||| 00| 00por d | ||
| 040 |
_aBR-BrBNA _bpor _cBiblioteca Nacional de Agricultura |
||
| 041 | _a(Pt) | ||
| 072 | _aF60 | ||
| 100 | 1 | _aGregorio, E.A. | |
| 100 | 1 | _aMachado, S.R. | |
| 245 | 1 | _aAceleracao na fixacao primaria de folha de Aegiphyla sellowiana (Verbenaceae)por irradiacao com microondas | |
| 650 | _aVerbenaceae | ||
| 650 | _aFolha | ||
| 650 | _aIrradiacao | ||
| 773 | 0 |
_tNaturalia (Brazil) _xISSN 0101-1944 _g(1995), v. 20 p. 65-73 _wBR9606812 |
|
| 909 |
_a202311 _bLúcia _c55 _dLúcia Elande |
||
| 942 |
_2AGRIS _n0 _cANA |
||
| 999 |
_c150431 _d150431 |
||